Sports Quiz

Random Sports Quiz

Pitchers to START a Game for the Cubs from 2015-2017 Quiz Stats

 Plays Quiz not verified by Sporcle

Score 0/20 Timer 10:00
0 Plays Today
Games Started Answer % Correct
88Jon Lester
99.1%
89Jake Arrieta
98.7%
52John Lackey
96.4%
79Kyle Hendricks
95.1%
13Mike Montgomery
89.3%
62Jason Hammel
89.3%
9Travis Wood
72.8%
7Jose Quintana
53.2%
1Trevor Cahill
46.7%
13Eddie Butler
44%
Games Started Answer % Correct
11Dan Haren
42.9%
1Adam Warren
41.5%
3Clayton Richard
37.5%
1Rob Zastryzny
36.7%
6Brett Anderson
35.8%
1Brian Matusz
33.9%
7Tsuyoshi Wada
32.6%
3Dallas Beeler
23.7%
1Donn Roach
18.3%
1Jake Buchanon
10.7%

You're not logged in!

Compare scores with friends on all Sporcle quizzes.
OR
Log In

Sporcle TV

Today on Sporcle TV


Watch our educational content, quiz creation guides, and fun videos on Sporcle TV.

Show Comments

Extras

Created Aug 3, 2016ReportNominate
Tags:2015, 2016, Chicago Cubs, start, Started

Top Quizzes Today


Score Distribution

Your Account Isn't Verified!

In order to create a playlist on Sporcle, you need to verify the email address you used during registration. Go to your Sporcle Settings to finish the process.

Report this User

Report this user for behavior that violates our Community Guidelines.

Details: